00422nam a2200157Ia 4500003000400000005001700004008004100021020002900062040001700091082002000108100002000128245005000148260002300198300001700221650002600238IIN20250507124955.0231217s9999 xx 000 0 und d cRs.395.00a9789374737279 aIINbEnglish a610.73 bKHA1 aKhanna, Purnima aApplied Sociology for Nurses/cPurnima Khanna aDelhibAITBSc2023 axxiii, 293p. aSociologyvfor Nurses